Los dos Mariscales (Record no. 2662)

MARC details
000 -CABECERA
campo de control de longitud fija 00650nam a2200217 a 4500
001 - NÚMERO DE CONTROL
campo de control BRCA_2923
005 - FECHA Y HORA DE LA ÚLTIMA TRANSACCIÓN
campo de control 20190320204030.0
008 - DATOS DE LONGITUD FIJA--INFORMACIÓN GENERAL
campo de control de longitud fija 121208s1948----ag-#---###---#000-0#spa-#
050 #4 - SIGNATURA TOPOGRÁFICA DE LA BIBLIOTECA DEL CONGRESO
Número de clasificación F1233
Número de documento/Ítem .G84 1948
100 1# - ENTRADA PRINCIPAL--NOMBRE DE PERSONA
Nombre de persona Guedalla, Philip
9 (RLIN) 8134
245 10 - MENCIÓN DE TÍTULO
Título Los dos Mariscales
Mención de responsabilidad, etc. Philip Guedalla ; tr. de Miguel de Hernani.
260 ## - PUBLICACIÓN, DISTRIBUCIÓN, ETC.
Lugar de publicación, distribución, etc. Buenos Aires
Nombre del editor, distribuidor, etc. Sudamericana
Fecha de publicación, distribución, etc. 1948
300 ## - DESCRIPCIÓN FÍSICA
Extensión 387 p.
Dimensiones 22 cm.
500 ## - NOTA GENERAL
Nota general B45
600 14 - PUNTO DE ACCESO ADICIONAL DE MATERIA--NOMBRE DE PERSONA
Nombre de persona Bazaine, Francois Achille
Fechas asociadas al nombre 1811-1888
9 (RLIN) 8135
600 14 - PUNTO DE ACCESO ADICIONAL DE MATERIA--NOMBRE DE PERSONA
Nombre de persona Petain, Philippe Omer
Fechas asociadas al nombre 1856-1951
9 (RLIN) 8136
651 #4 - PUNTO DE ACCESO ADICIONAL DE MATERIA--NOMBRE GEOGRÁFICO
Nombre geográfico México
Subdivisión general Historia
9 (RLIN) 614
700 1# - PUNTO DE ACCESO ADICIONAL--NOMBRE DE PERSONA
Nombre de persona Hernani, Miguel de
Término indicativo de función/relación tr
9 (RLIN) 8137
902 ## - CATALOGADOR
Iniciales GFM
942 ## - ELEMENTOS DE PUNTO DE ACCESO ADICIONAL (KOHA)
Fuente del sistema de clasificación o colocación Library of Congress Classification
Tipo de ítem Koha Libros
Holdings
Estado de retiro Estado de pérdida Estado dañado No para préstamo Localización permanente Ubicación/localización actual Fecha de adquisición Número de inventario Total de préstamos Signatura topográfica completa Código de barras Fecha visto por última vez Precio válido a partir de Tipo de ítem Koha
El ejemplar forma parte de la colección y puede ser consultado según las políticas vigentes.       Biblioteca del Museo Franz Mayer (Rogerio Casas-Alatriste) Biblioteca del Museo Franz Mayer (Rogerio Casas-Alatriste) 12/12/2008 B45   F1233 .G84 1948 (B45) 2920 22/03/2019 22/03/2019 Libros